000 00830nam a2200277Ia 4500
001 Para_4803
003 CHAP
008 220125s1955 xx 000 0 und d
010 _a203179
040 _cCHAP
090 _aPA FOLLETO 2205
100 _aWelch, D. S.
_9121411
245 _aControl of the dutch elm disease in New York State /
_c D. S. Welch, and J. G. Matthysse
260 _aIthaca :
_b Cornell University
300 _a14 p.
440 _aCornell Extension Bull.; 932
_9168823
650 _aOlmo
_x Variedades resistentes a enfermedades Olmo
_x Enfermedades
_9168824
700 _aMatthysse, J. G.
_9168084
901 _aPA FOLLETO 2205
902 _aA
905 _a0000001955 ITH 0000000000 00
910 _a1955
942 _cPARA
942 _cPARA
_d1
999 _c203179
_d203179